Statistics for German Literature

Click here to take the quiz!

General Stats

  • This quiz has been taken 94 times
  • The average score is 9 of 16

Answer Stats

HintAnswer% Correct
FaustJohann Wolfgang von Goethe
95%
The TrialFranz Kafka
84%
SteppenwolfHermann Hesse
79%
BuddenbrooksThomas Mann
76%
The Tin DrumGünter Grass
72%
All quiet on the western frontErich Maria Remarque
67%
Children's and Household TalesBrothers Grimm
63%
The RobbersFriedrich Schiller
59%
Nathan the WiseGotthold Ephraim Lessing
49%
Homo FaberMax Frisch
47%
Effi BriestTheodor Fontane
47%
The PerfumePatrick Süskind
45%
The PhysicistsFriedrich Dürrenmatt
44%
Germany. A Winter's TaleHeinrich Heine
36%
Group Portrait with LadyHeinrich Böll
29%
Hymns to the NightNovalis
23%

Score Distribution

Percentile by Number Answered

Percent of People with Each Score

Your Score History

You have not taken this quiz